000 00558nam a2200241Ia 4500
005 20260306150712.0
008 008 260114s9999 xx 000 0 eng d
020 _a9780300277364
037 _aEbook
040 _aCRL
040 _beng
040 _cCRL
041 _2eng
041 _aeng
084 _qCRL
245 2 _aA Little History of Psychology
260 _bYale University Press
260 _c2024
650 _aMedicine
856 _uhttps://www.degruyter.com/isbn/9780300277364
942 _cEBOOK
999 _c1698909
_d1698909